00629nam a2200157Ia 4500008004100000100001700041245010800058245005700166260005300223260001900276300000800295650001500303856006100318999001900379952007300398170221s9999 xx 000 0 und d aLi-Chen Lima 2aA Preliminary Study of the Effects of Personality Traits on Workplace Deviance in the Voluntary Sector  cLi-Chen Lima, Choon-Jin Teha, Benjamina Chan-Yin-Fah bInternational Review of Management and Marketing cSeptember 2016 a5:3 xMarketing. uhttp://www.econjournals.com/index.php/irmm/issue/view/91 c309979d309979 001040aCLbCLd2017-02-21l0r2017-02-21 00:00:00w2017-02-21yFOJ